Networks and algorithms : an introductory approach
Αποθηκεύτηκε σε:
| Κύριος συγγραφέας: | |
|---|---|
| Άλλοι συγγραφείς: | |
| Μορφή: | Βιβλίο |
| Γλώσσα: | English |
| Δημοσίευση: |
Chichester ; New York :
John Wiley,
c1993
|
| Θέματα: | |
| Ετικέτες: |
Προσθήκη ετικέτας
Δεν υπάρχουν, Καταχωρήστε ετικέτα πρώτοι!
|
MARC
| LEADER | 00000nam a2200000 i 4500 | ||
|---|---|---|---|
| 001 | 1/41371 | ||
| 008 | 950224s1993 eng d | ||
| 020 | |a 0-471-93993-5 | ||
| 035 | |a 1995 |c ΠΑΠΑΔΟΠΟΥΛΟΣ |l 10041489 | ||
| 040 | |a GR-MY-UA |b gre |e aacr | ||
| 041 | 0 | |a eng | |
| 082 | 0 | |a 511.5 | |
| 100 | 1 | |a Dolan, Alan. | |
| 245 | 1 | 0 | |a Networks and algorithms : |b an introductory approach / |c Alan Dolan, Joan Aldous |
| 260 | |a Chichester ; New York : |b John Wiley, |c c1993 | ||
| 300 | |a x, 544 p.; |b ill.; |c 23 cm. | ||
| 504 | |a Includes bibliographical references and index | ||
| 650 | 0 | 0 | |a System analysis. |
| 650 | 0 | 0 | |a Algorithms. |
| 650 | 0 | 0 | |a Mathematical models. |
| 700 | 1 | |a Aldous, Joan M. |d 1938- | |
| 852 | |a INST |b CHIOS |e 19991118 |h 511.5 DOL |p 005200016638 |q 005200016638 |t BK |y 0 | ||
| 852 | |a INST |b CHIOS |e 20000111 |h 511.5 DOL |p 005200016766 |q 005200016766 |t BK |y 0 | ||
| 852 | |a INST |b CHIOS |e 20000111 |h 511.5 DOL |p 005200016767 |q 005200016767 |t BK |y 0 | ||
| 852 | |a INST |b SAMOS |e 19950525 |h 511.5 DOL |p 005300005484 |q 005300005484 |t BK |y 0 | ||
| 852 | |a INST |b SAMOS |e 19950224 |h 511.5 DOL |p 005300005929 |q 005300005929 |t BK |y 0 | ||
| 901 | |a BIBL2-1999-3 | ||
| 909 | |a Σ |b 038972 | ||
| 909 | |a Σ |b 038807 | ||
| 909 | |a Χ |b 070073 | ||
| 909 | |a Χ |b 073188 | ||
| 909 | |a Χ |b 073187 | ||
| 922 | |a 2ΕΛΗ |b 199909 |c ΤΔΕ |d GLORY BOOK ECONOMIST | ||
| 922 | |a 2ΕΛΗ |b 199912 |c ΤΔΕ |d GLORYBOOK-ECONOMIST | ||
| 950 | |a 112-1999-08-31 | ||
| 970 | |a ΠΟΥΛΑΚΗ |b ΣΤΕΛΛΑ |z 1999/11/22 | ||